<?xml version="1.0" encoding="UTF-8"?><?xml-stylesheet type="text/xsl" href="static/style.xsl"?><OAI-PMH xmlns="http://www.openarchives.org/OAI/2.0/" xmlns:xsi="http://www.w3.org/2001/XMLSchema-instance" xsi:schemaLocation="http://www.openarchives.org/OAI/2.0/ http://www.openarchives.org/OAI/2.0/OAI-PMH.xsd"><responseDate>2026-04-13T00:48:52Z</responseDate><request verb="GetRecord" identifier="oai:www.recercat.cat:10230/69977" metadataPrefix="marc">https://recercat.cat/oai/request</request><GetRecord><record><header><identifier>oai:recercat.cat:10230/69977</identifier><datestamp>2025-12-24T08:32:04Z</datestamp><setSpec>com_2072_6</setSpec><setSpec>col_2072_452952</setSpec></header><metadata><record xmlns="http://www.loc.gov/MARC21/slim" xmlns:dcterms="http://purl.org/dc/terms/" xmlns:xsi="http://www.w3.org/2001/XMLSchema-instance" xmlns:doc="http://www.lyncode.com/xoai" xsi:schemaLocation="http://www.loc.gov/MARC21/slim http://www.loc.gov/standards/marcxml/schema/MARC21slim.xsd">
   <leader>00925njm 22002777a 4500</leader>
   <datafield ind2=" " ind1=" " tag="042">
      <subfield code="a">dc</subfield>
   </datafield>
   <datafield ind2=" " ind1=" " tag="720">
      <subfield code="a">Pires Pinto, Ligia</subfield>
      <subfield code="e">author</subfield>
   </datafield>
   <datafield ind2=" " ind1=" " tag="720">
      <subfield code="a">Terreri, André</subfield>
      <subfield code="e">author</subfield>
   </datafield>
   <datafield ind2=" " ind1=" " tag="720">
      <subfield code="a">Bianquini, Heloisa</subfield>
      <subfield code="e">author</subfield>
   </datafield>
   <datafield ind2=" " ind1=" " tag="260">
      <subfield code="c">2025-03-20T07:51:57Z</subfield>
   </datafield>
   <datafield ind2=" " ind1=" " tag="260">
      <subfield code="c">2025-03-20T07:51:57Z</subfield>
   </datafield>
   <datafield ind2=" " ind1=" " tag="260">
      <subfield code="c">2021</subfield>
   </datafield>
   <datafield ind2=" " ind1=" " tag="520">
      <subfield code="a">Este artigo apresenta um levantamento das iniciativas de sustentabilidade social adotadas por companhias que compõem o Ibovespa, utilizando seus relatórios de sustentabilidade publicados entre 2012 e 2016 como fontes de pesquisa. A pesquisa tem como objetivo realizar uma análise crítica do estado da arte da gestão da sustentabilidade social no contexto corporativo brasileiro. A metodologia adotada para a coleta e a sistematização dos dados foi a teorização fundamentada em dados (TFD). Os autores observaram correlações positivas entre a adoção de iniciativas de sustentabilidade social e o número de funcionários, a capitalização de mercado e a reputação das companhias. Observou-se também que, nos relatórios de sustentabilidade, o conceito de sustentabilidade é entendido de forma a privilegiar a dimensão ambiental, em detrimento do aspecto social, com exceção dos investimentos sociais. Por fim, verificou-se que a diversidade foi negligenciada em relação a outras categorias de iniciativas.</subfield>
   </datafield>
   <datafield ind2=" " ind1=" " tag="520">
      <subfield code="a">This article presents a survey about social sustainability initiatives adopted by companies that compose the Ibovespa index, using their sustainability reports published from 2012 to 2016 as research sources. The research aims to carry out a critical analysis of the state of the art of social sustainability management in the Brazilian corporate context. The methodology adopted for the gathering and organization of data was grounded theory. The authors observed positive correlations between the adoption of social sustainability initiatives and the number of employees, market capitalization, and corporate reputation. It was also observed that, on sustainability reports, the concept of sustainability is understood in a way that privileges the environmental dimension to the detriment of the social aspect, exceptions made for social investments. Finally, it was noted that diversity initiatives have been comparatively neglected in comparison to other categories of initiatives.</subfield>
   </datafield>
   <datafield tag="653" ind2=" " ind1=" ">
      <subfield code="a">Sustentabilidade social</subfield>
   </datafield>
   <datafield tag="653" ind2=" " ind1=" ">
      <subfield code="a">Responsabilidade social corporativa</subfield>
   </datafield>
   <datafield tag="653" ind2=" " ind1=" ">
      <subfield code="a">Compliance</subfield>
   </datafield>
   <datafield tag="653" ind2=" " ind1=" ">
      <subfield code="a">Sustentabilidade</subfield>
   </datafield>
   <datafield tag="653" ind2=" " ind1=" ">
      <subfield code="a">Direito empresarial</subfield>
   </datafield>
   <datafield tag="653" ind2=" " ind1=" ">
      <subfield code="a">Sustainability</subfield>
   </datafield>
   <datafield tag="653" ind2=" " ind1=" ">
      <subfield code="a">Social sustainability</subfield>
   </datafield>
   <datafield tag="653" ind2=" " ind1=" ">
      <subfield code="a">Corporate social responsibility</subfield>
   </datafield>
   <datafield tag="653" ind2=" " ind1=" ">
      <subfield code="a">Business law</subfield>
   </datafield>
   <datafield ind2="0" ind1="0" tag="245">
      <subfield code="a">As companhias brasileiras são socialmente sustentáveis? Uma análise das iniciativas nos relatórios de sustentabilidade de companhias brasileiras</subfield>
   </datafield>
</record></metadata></record></GetRecord></OAI-PMH>